Sports Marketing (Record no. 4142)

MARC details
005 - DATE AND TIME OF LATEST TRANSACTION
control field 20250616131820.0
020 ## - INTERNATIONAL STANDARD BOOK NUMBER
International Standard Book Number 978-0-07-312821-4
082 ## - DEWEY DECIMAL CLASSIFICATION NUMBER
Classification number 796.06'98 FUL
100 ## - MAIN ENTRY--PERSONAL NAME
Author name FULLERTON,S.
245 ## - TITLE STATEMENT
Title Sports Marketing
260 ## - PUBLICATION, DISTRIBUTION, ETC.
Place of publication, distribution, etc. NewYork,
Name of publisher, distributor, etc. McGraw-Hill/Irwin,
Date of publication, distribution, etc. 2007.
300 ## - PHYSICAL DESCRIPTION
Extent xiii,480p.:ill.;figures, tables
Other physical details Appendix,Bibliography and Index
Dimensions 26.5cm
942 ## - ADDED ENTRY ELEMENTS (KOHA)
Source of classification or shelving scheme Dewey Decimal Classification
Koha item type Books
Holdings
Date last seen Total checkouts Full call number Barcode Cost, replacement price Price effective from Koha item type Lost status Source of classification or shelving scheme Damaged status Not for loan Withdrawn status Home library Current library Shelving location Date acquired Source of acquisition Cost, normal purchase price
06/16/2025   796.06'98 FUL MZA0001215 150000.00 06/16/2025 Books   Dewey Decimal Classification       CBE Mwanza CBE Mwanza General Collection 06/01/2007 Library Budget 50000.00
06/16/2025   796.06'98 FUL MZA0001216 150000.00 06/16/2025 Books   Dewey Decimal Classification       CBE Mwanza CBE Mwanza General Collection 06/01/2007 Library Budget 50000.00